Amorphous semiconductors.
Saved in:
| Main Author | |
|---|---|
| Format | Electronic eBook |
| Language | English |
| Published |
[Place of publication not identified] :
John Wiley & Sons,
2016.
|
| Subjects | |
| Online Access | Full text |
| ISBN | 9781118758205 111875820X 9781118757949 1118757947 9781523114733 1523114738 1118757920 9781118757925 |
| Physical Description | 1 online resource |
Cover
| LEADER | 00000cam a2200000M 4500 | ||
|---|---|---|---|
| 001 | kn-ocn967266008 | ||
| 003 | OCoLC | ||
| 005 | 20240717213016.0 | ||
| 006 | m o d | ||
| 007 | cr cn||||||||| | ||
| 008 | 161229s2016 xx o 000 0 eng d | ||
| 040 | |a YDX |b eng |e pn |c YDX |d N$T |d IDEBK |d N$T |d OCLCO |d OCLCF |d OCLCQ |d N$T |d OCLCQ |d KNOVL |d STF |d MERER |d CEF |d ERL |d OCLCQ |d LVT |d OCLCO |d OCLCQ |d OCLCO |d SXB | ||
| 020 | |a 9781118758205 |q (electronic bk.) | ||
| 020 | |a 111875820X |q (electronic bk.) | ||
| 020 | |a 9781118757949 |q (electronic bk.) | ||
| 020 | |a 1118757947 |q (electronic bk.) | ||
| 020 | |a 9781523114733 |q (electronic bk.) | ||
| 020 | |a 1523114738 |q (electronic bk.) | ||
| 020 | |z 1118757920 | ||
| 020 | |z 9781118757925 | ||
| 035 | |a (OCoLC)967266008 |z (OCoLC)967763806 |z (OCoLC)968168072 |z (OCoLC)1264759111 | ||
| 100 | 1 | |a Morigaki, Kazuo. | |
| 245 | 1 | 0 | |a Amorphous semiconductors. |
| 260 | |a [Place of publication not identified] : |b John Wiley & Sons, |c 2016. | ||
| 300 | |a 1 online resource | ||
| 336 | |a text |b txt |2 rdacontent | ||
| 337 | |a computer |b c |2 rdamedia | ||
| 338 | |a online resource |b cr |2 rdacarrier | ||
| 506 | |a Plný text je dostupný pouze z IP adres počítačů Univerzity Tomáše Bati ve Zlíně nebo vzdáleným přístupem pro zaměstnance a studenty | ||
| 590 | |a Knovel |b Knovel (All titles) | ||
| 650 | 0 | |a Amorphous semiconductors. | |
| 655 | 7 | |a elektronické knihy |7 fd186907 |2 czenas | |
| 655 | 9 | |a electronic books |2 eczenas | |
| 776 | 0 | 8 | |i Print version: |z 1118757920 |z 9781118757925 |w (OCoLC)920017284 |
| 856 | 4 | 0 | |u https://proxy.k.utb.cz/login?url=https://app.knovel.com/hotlink/toc/id:kpASSOEP01/amorphous-semiconductors-structural?kpromoter=marc |y Full text |